[Event "CHN-ch Blitz Open 2018"]
[Site "Tianjin"]
[Date "2018.06.08"]
[Round "9.3"]
[White "Xu, Xiangyu"]
[Black "Gao, Rui"]
[Result "1/2-1/2"]
[WhiteElo "2370"]
[BlackElo "2446"]
[Annotator "TA"]
[PlyCount "67"]
[EventDate "2018.06.07"]
[EventType "blitz"]
[EventRounds "9"]
[EventCountry "CHN"]
[SourceTitle "playchess.com"]
[Source "ChessBase"]
[SourceQuality "1"]

{[%evp 30,67,0,0,0,-5,0,1,2,2,2,4,8,0,4,0,0,0,0,0,0,0,0,0,0,0,0,0,0,0,0,0,0,0,0,0,0,0,0,0]} 1. d4 d5 2. Nf3 Nf6 3. c4 c6 4. cxd5 cxd5 5. Nc3 Nc6 6. Bf4 Bf5 7. e3 e6 8. Bd3 Bxd3 9. Qxd3 Bd6 10. Bxd6 Qxd6 11. O-O O-O 12. h3 Rfc8 13. Rfc1 h6 14. Nd2 {D14: Damengambit (Slawische Verteidigung, Abtauschvariante)} Nd7 15. a3 (15. Ne2 Ne7 {½-½ (15) Bu,X (2725)-Duda,J (2724) Liaocheng 2018}) 15... a6 16. Ne2 {[#] LiveBook: 3 Partien. Die Stellung ist ausgeglichen.} Na5 $146 ({Vorgänger:} 16... Ne7 17. Rxc8+ Rxc8 18. Rc1 Rxc1+ 19. Nxc1 Qb6 20. Qb3 Qxb3 21. Ndxb3 b6 {½-½ (31) Barbosa,O (2514)-Paragua,M (2545) Manila 2011}) 17. Rc2 Rxc2 18. Qxc2 Qc6 19. Qxc6 Nxc6 20. Rc1 Rc8 21. Kf1 Kf8 22. Ke1 Ke7 23. Nf4 Na7 24. Rxc8 Nxc8 $11 {[%mdl 4096] Endspiel KSS-KSS} 25. Nd3 Nd6 26. Kd1 g5 27. g4 a5 28. f3 f5 29. a4 b6 30. b3 Nf6 31. Ke2 Nd7 32. Kd1 Nf6 33. Ke2 Nd7 34. Kd1 {Precision: Weiß = 70%, Schwarz = 79%.} 1/2-1/2

[Event "CHN-ch Blitz Open 2018"]
[Site "Tianjin"]
[Date "2018.06.08"]
[Round "9.4"]
[White "Xu, Yinglun"]
[Black "Bai, Jinshi"]
[Result "0-1"]
[WhiteElo "2487"]
[BlackElo "2471"]
[Annotator "TA"]
[PlyCount "134"]
[EventDate "2018.06.07"]
[EventType "blitz"]
[EventRounds "9"]
[EventCountry "CHN"]
[SourceTitle "playchess.com"]
[Source "ChessBase"]
[SourceQuality "1"]

{[%evp 14,134,12,5,17,8,24,4,13,0,0,0,3,0,0,14,6,0,0,0,21,0,0,0,43,28,37,54,57,47,55,58,76,65,55,13,31,34,68,0,65,62,54,67,103,94,95,102,78,58,66,33,38,27,24,12,30,24,34,-245,-252,-499,-493,-645,-629,-631,-618,-630,-622,-691,-404,-486,-482,-476,-476,-438,-443,-527,-514,-487,-489,-836,-504,-575,-508,-663,-475,-717,-490,-29989,-623,-741,-516,-474,-441,-937,-915,-930,-915,-888,0,-867,29995,-672,-665,-890,-890,-733,-707,-700,-691,-815,-766,-984,-975,-922,-910,-874,-825,-5608,-5616,-4586,-1649]} 1. d4 Nf6 2. c4 g6 3. Nf3 Bg7 4. e3 O-O 5. Be2 b6 (5... d6 6. Nc3 Nc6 7. d5 Nb4 8. a3 Na6 9. Nd4 e5 10. dxe6 fxe6 11. O-O e5 12. Nb3 c6 13. e4 Nc7 14. f4 Ne6 {½-½ (59) Caruana,F (2784)-Carlsen,M (2843) Karlsruhe/Baden-Baden 2018}) 6. O-O {E60: Königsindisch (ohne Sc3)} Bb7 7. b3 e6 8. Nc3 {LiveBook: 8 Partien. Die Stellung ist ausgeglichen.} Ne4 9. Bb2 d6 10. Qc2 f5 11. Rfd1 $146 ({Vorgänger:} 11. Rad1 Nd7 12. Nd2 Nxd2 13. Qxd2 Qh4 14. f4 g5 15. fxg5 Qxg5 {0-1 (39) Orfei,R (1943)-Sautto,D (2119) Cattolica 2005}) 11... Nd7 12. b4 Qe7 13. Nd2 {[%cal Rd2e4]} Nxd2 14. Qxd2 Qg5 {[%csl Gb7][%cal Rg5g2]} 15. d5 e5 16. Rac1 a6 17. a3 Rf7 18. Na4 f4 (18... Nf6 {keeps more tension.} 19. Nc3 Nd7) 19. exf4 exf4 20. Bxg7 Kxg7 21. c5 bxc5 $1 22. bxc5 {Droht stark c6.} Ne5 23. cxd6 (23. Nc3 $5 {[%cal Rc3e4]}) 23... cxd6 24. Nb6 Rd8 25. Nc4 Re7 26. Qc3 ({Günstiger ist} 26. Nxe5 $14 dxe5 27. Rc5) 26... Rdd7 ({Besser ist} 26... Rc8 $11 27. Qd2 Nxc4 28. Bxc4 Kg8) 27. Bf3 $14 Qf6 {und nun wäre ...Tc7 stark für Schwarz.} 28. Nxe5 Rxe5 29. Qb4 h5 30. h3 Kh6 31. Qb6 Qe7 32. Rb1 g5 {[%cal Bg6g5,Bg5g4][%mdl 32]} 33. Qd4 Bc8 34. h4 g4 35. Qxf4+ Kg7 36. Rb8 $2 {[%mdl 8192] [#]} (36. Bxg4 $14 {bleibt weiter vorne.} Qxh4 37. Qc1 Qxg4 38. Qxc8) 36... Rc7 $1 $19 {[%cal Bd7c7,Bc7c8,Bc8f8][%mdl 32]} 37. Rxc8 $2 (37. Qg3 Kh7 38. Rd4) 37... Rxc8 38. Bxg4 Rf8 39. Qg3 hxg4 40. Qxg4+ Kh6 41. Rd3 Qg7 42. Qd1 Rfe8 {zielt auf ...Te1+ ab.} 43. Qd2+ Kh7 44. Rg3 Qf6 45. Qd3+ Qf5 46. Qc3 R8e7 {Und weiter mit ...Te1+ wäre nett.} 47. Qb2 (47. Rf3 $142 Qe4 48. Qb3) 47... Qf4 48. Qc2+ Qe4 49. Qb2 Qxd5 50. Qb8 (50. Qb1+ $142 Rf5 51. Rg5) 50... Qf7 51. Qb4 {[#]} (51. Rf3 $19 Qe6 52. Rf8) 51... Re4 (51... Re1+ $142 52. Kh2 Qxf2 53. Qxd6 Qg1+ 54. Kh3 Qh1+ 55. Kg4 R1e4+ 56. Qf4 Rxf4+ 57. Kxf4 Qxh4+ 58. Kf3 Qf6+ 59. Kg4 Re4+ 60. Kh5 Qh6#) 52. Qxd6 Rxh4 {[%cal Re7e1]} 53. Qd3+ Kh6 54. Qd2+ (54. Qc3 $142 Re8 55. Qc1+ Kh7 56. Qb1+ Ree4 57. Rc3) 54... Qf4 55. Qc3 Qe5 {( -> ...De1+)} 56. Qd2+ Qf4 57. Qc3 {Weiss will mit Dc6+ Matt setzen.} Qd4 $4 {[%mdl 8192]} (57... Kh7 $19 58. Rh3 Rxh3 59. Qxh3+ Kg7 60. Qc3+ Qe5) 58. Qc1+ $4 {[%mdl 8192]} (58. Qc6+ Qd6 59. Qxd6+ Re6 60. Qxe6+ Kh7 61. Qf7+ Kh8 62. Rg8#) 58... Kh7 {Schwarz steht klar auf Gewinn.} 59. Qc2+ Qe4 60. Qxe4+ Rhxe4 61. Rc3 Rd4 62. g3 Red7 63. Kg2 Rd3 64. Rc4 Rxa3 65. g4 Rad3 66. f3 Rf7 67. f4 Rb7 {Precision: Weiß = 30%, Schwarz = 53%.} 0-1

[Event "CHN-ch Blitz Open 2018"]
[Site "Tianjin"]
[Date "2018.06.08"]
[Round "9.5"]
[White "Lu, Shanglei"]
[Black "Wan, Yunguo"]
[Result "1-0"]
[WhiteElo "2656"]
[BlackElo "2605"]
[Annotator "TA"]
[PlyCount "91"]
[EventDate "2018.06.07"]
[EventType "blitz"]
[EventRounds "9"]
[EventCountry "CHN"]
[SourceTitle "playchess.com"]
[Source "ChessBase"]
[SourceQuality "1"]

{[%evp 12,91,21,0,0,0,22,18,47,0,0,0,79,66,84,0,16,11,25,11,79,68,72,0,58,49,93,86,58,67,112,108,110,118,316,312,325,326,322,313,322,274,354,370,342,322,331,321,303,270,262,268,364,360,387,383,395,382,418,424,444,361,347,0,434,419,447,437,516,514,510,487,540,532,633,629,702,698,683,693,669,671]} 1. e4 e6 2. d4 d5 3. Nd2 c5 4. Ngf3 Nf6 5. e5 Nfd7 6. c3 Nc6 7. Be2 {LiveBook: 17 Partien} f6 {C05: Französische Verteidigung (Tarrasch-Variante)} (7... Qb6 8. Nb3 a5 9. dxc5 Nxc5 10. Nbd4 Ne4 11. O-O Bc5 12. a4 Bd7 13. Bd3 Rc8 14. Rb1 Bxd4 15. cxd4 O-O 16. Be3 {0-1 (58) Yudin,S (2534)-Savchenko,B (2599) Rostov on Don 2014}) 8. exf6 Nxf6 9. O-O Bd6 {Die Stellung ist ausgeglichen.} 10. Re1 O-O 11. Nf1 $146 ({Vorgänger:} 11. dxc5 Bxc5 12. Nb3 Bb6 13. Bg5 Bxf2+ 14. Kxf2 Ne4+ 15. Kg1 Nxg5 {0-1 (39) Lancheros Lancheros,W (1633)-Rodriguez Zarama,S (1656) Sopo 2013}) 11... e5 (11... cxd4 $11 12. Nxd4 e5) 12. dxe5 $16 Nxe5 13. Ng3 (13. Bg5 $16) 13... h6 14. Nxe5 Bxe5 15. Bf3 Bc7 (15... Qd6 $11) 16. Be3 Qd6 {[#]} 17. Qd3 (17. b4 $1 $16 cxb4 18. cxb4) 17... b6 ({Lieber} 17... Bg4 $11) 18. Rad1 $14 Bb7 19. Qg6 {Droht Lxh6 und aus.} Kh8 20. c4 Rad8 21. cxd5 Nxd5 {[#]} 22. Qh5 $1 $40 {[%mdl 128] Schwarz ist in Schwierigkeiten.} Qf6 $2 (22... Bc6 $16) 23. Bxd5 $18 Bxd5 24. Rxd5 Rxd5 25. Qxd5 Qxb2 26. Nh5 Qe5 27. Qxe5 Bxe5 28. g3 Bb2 29. Nf4 Kg8 30. Nd3 Bf6 31. Kf1 c4 32. Nf4 b5 33. Nd5 Bb2 34. Ke2 Rd8 35. Rd1 Kf7 36. Rd2 Bc1 37. Rd1 Bb2 $1 38. Bxa7 Ra8 39. Be3 {Weiß steht klar auf Gewinn.} c3 40. Nb4 Ra4 41. Rd4 Ke6 42. Kd3 c2 43. Re4+ Kf5 44. g4+ Kg6 45. Kxc2 Ba3 46. Kb3 {Precision: Weiß = 69%, Schwarz = 27%.} 1-0

[Event "CHN-ch Blitz Open 2018"]
[Site "Tianjin"]
[Date "2018.06.08"]
[Round "9.6"]
[White "Chen, Qi B"]
[Black "Fang, Yuxiang"]
[Result "1-0"]
[WhiteElo "2401"]
[BlackElo "2443"]
[Annotator "TA"]
[PlyCount "113"]
[EventDate "2018.06.07"]
[EventType "blitz"]
[EventRounds "9"]
[EventCountry "CHN"]
[SourceTitle "playchess.com"]
[Source "ChessBase"]
[SourceQuality "1"]

{[%evp 12,113,18,12,20,0,10,-7,25,0,10,14,15,0,0,0,40,28,40,27,45,51,54,52,73,63,135,141,135,144,169,169,169,172,202,196,168,157,152,152,157,151,164,117,187,191,197,168,152,47,109,108,229,218,219,220,225,192,192,164,172,115,152,148,172,164,245,237,241,224,227,222,216,172,236,221,221,214,218,150,192,0,225,220,218,174,216,216,258,236,225,192,192,175,226,191,191,192,227,185,29997,29998,29998,29999]} 1. e4 e5 2. Nf3 Nc6 3. Bb5 Nf6 4. d3 Bc5 5. Bxc6 dxc6 6. Be3 {C65: Ruy Lopez: Berlin Defence (3...Nf6), unusual lines and 4 0-0 Bc5} (6. Qe2 Qe7 7. Nbd2 Bg4 8. h3 Bh5 9. a3 Nd7 10. b4 Bb6 11. Nc4 a5 12. Rb1 axb4 13. axb4 Ra2 {0-1 (52) Carlsen,M (2843)-Aronian,L (2764) Stavanger 2018}) 6... Bd6 7. h3 {LiveBook: 36 Games} Qe7 8. Nc3 {The position is equal.} Be6 $146 ({Predecessor:} 8... Bd7 9. Ne2 Bc5 10. Qd2 Bxe3 11. fxe3 O-O 12. Qc3 Rae8 {1-0 (41) Kadric,D (2535)-Hadzovic,A (2280) Sarajevo 2017}) 9. Ne2 c5 10. b3 b6 11. O-O Nh5 12. Ng3 Nxg3 13. fxg3 O-O 14. g4 f6 15. Qe1 a5 16. a4 Rad8 17. Qg3 c6 18. Nh4 g6 ({Better is} 18... Qd7 $14) 19. Bh6 $16 Rf7 {[#]} 20. Nf5 $1 {[%cal Rf5e7][%mdl 512]} Qe8 (20... gxf5 21. gxf5+) 21. Nxd6 Rxd6 22. g5 Bd7 {intending ...f5.} 23. gxf6 Rdxf6 24. Bg5 Rxf1+ 25. Rxf1 Rxf1+ 26. Kxf1 Qe6 27. Bd8 b5 (27... c4 $16 {was necessary.}) 28. Bxa5 $18 bxa4 29. bxa4 c4 30. Ke2 (30. Bc3 $16) 30... cxd3+ ({Black should try} 30... c5 $14) 31. cxd3 $16 Qa2+ (31... c5 $16) 32. Bd2 $18 Qxa4 33. Qxe5 Qa2 34. Ke3 {aiming for Bc3.} Qe6 35. Qb8+ Qe8 36. Qf4 (36. Qd6 $18) 36... Qf7 37. Qc7 Be8 38. Qe5 Bd7 (38... h6 $142 39. Bc3 Qf8 40. Qh8+ Kf7) 39. Bc3 {[%csl Gc3][%cal Re5h8]} Kf8 40. Qh8+ Qg8 41. Bb4+ Kf7 42. Qe5 {[%csl Gb4][%cal Re5e7]} Qe8 (42... Qd8 $142 43. Qc5 g5) 43. Qf4+ Kg8 44. Qf6 Qf7 45. Qd8+ Qe8 46. Qf6 {Threatens to win with Bc3.} Qf7 47. Qe5 Qe6 48. Qb8+ Qe8 49. Qd6 h5 50. Bc3 {White wants to mate with Qf6.} Qf7 51. Qb8+ Qe8 52. Qf4 Qf7 (52... Qe7 {might work better.} 53. Qb8+ Be8) 53. Qh6 {[%csl Gc3][%cal Rh6h8]} Qh7 54. Qg5 {White threatens Qd8+ and mate.} Qf7 55. Qd8+ Qe8 $2 {[#]} (55... Be8 $18 56. Qd6 Kh7) 56. Qf6 {[%csl Gc3][%cal Rf6g7]} Qf8 57. Qxg6+ {Precision: White = 59%, Black = 35%.} 1-0

[Event "CHN-ch Blitz Open 2018"]
[Site "Tianjin"]
[Date "2018.06.08"]
[Round "9.7"]
[White "Dai, Changren"]
[Black "Zhao, Jun"]
[Result "0-1"]
[WhiteElo "2278"]
[BlackElo "2585"]
[Annotator "TA"]
[PlyCount "56"]
[EventDate "2018.06.07"]
[EventType "blitz"]
[EventRounds "9"]
[EventCountry "CHN"]
[SourceTitle "playchess.com"]
[Source "ChessBase"]
[SourceQuality "1"]

{[%evp 18,56,35,24,24,-23,-27,-12,-15,-19,0,-41,-28,-82,-82,-93,-89,-72,-82,-181,-121,-215,-218,-224,-215,-210,-218,-475,-464,-499,-356,-930,-937,-1281,-1218,-1268,-1208,-29989,-29990,-29990,-29989]} 1. e4 c5 2. Nf3 d6 3. d4 cxd4 4. Nxd4 Nf6 5. Nc3 a6 6. Be3 e5 7. Nb3 Be7 8. Qd2 {B90: Sicilian Najdorf: Unusual White 6th moves, 6 Be3 Ng4 and 6 Be3 e5} (8. f3 O-O 9. Qd2 b5 10. a4 bxa4 11. Rxa4 Bd7 12. Ra2 a5 13. Be2 a4 14. O-O Bc6 15. Rfa1 Qd7 16. Bc4 Rc8 {1-0 (28) Shirov,A (2644)-Volokitin,A (2632) Berlin 2018}) 8... Ng4 9. g3 Nxe3 10. Qxe3 {LiveBook: 4 Games. White is slightly better.} Nd7 11. O-O-O Nf6 12. f4 Qc7 13. Kb1 O-O 14. f5 b5 {[%cal Bb7b5,Bb5b4][%mdl 32]} 15. Be2 $146 (15. a3 $11) ({Predecessor:} 15. g4 Nxg4 {1-0 (36) Liu,G (2233)-Kislik,E (2413) Budapest 2012}) 15... b4 $17 16. Nd5 Nxd5 17. Rxd5 a5 18. g4 {[#]} (18. Rdd1 $17) 18... a4 $36 {[%mdl 2048] Keeping White busy.} (18... Bb7 $1 $19 {...Rfc8 is the strong threat.} 19. Rd3 Rfc8) 19. Nc1 (19. Nd2 $17) 19... Bb7 $19 20. Rd2 {[#]} a3 $1 {[%cal Ra3b2] Strongly threatening ...axb2.} 21. b3 {[#]} Bxe4 $1 {[%mdl 512]} 22. Rhd1 $2 (22. Qxe4 Qc3 23. Nd3 Qxd2 24. Rd1) 22... d5 23. Bc4 Rac8 ({Weaker is} 23... dxc4 24. Qxe4 cxb3 25. cxb3 $17) 24. Ne2 $2 (24. Rxd5 Bxd5 25. Rxd5) 24... Bc5 25. Qg5 h6 26. Qh5 dxc4 27. Rd7 {[#]} cxb3 $1 28. axb3 Qc6 {Precision: White = 20%, Black = 93%.} 0-1

[Event "CHN-ch Blitz Open 2018"]
[Site "Tianjin"]
[Date "2018.06.08"]
[Round "9.8"]
[White "Peng, Xiongjian"]
[Black "Li, Di"]
[Result "1-0"]
[WhiteElo "2321"]
[BlackElo "2338"]
[Annotator "RC"]
[PlyCount "117"]
[EventDate "2018.06.07"]
[EventType "blitz"]
[EventRounds "9"]
[EventCountry "CHN"]
[SourceTitle "playchess.com"]
[Source "ChessBase"]
[SourceQuality "1"]
[TimeControl "180+2"]

1. d4 {[%emt 0:00:00]} Nf6 {[%emt 0:00:01]} 2. c4 {[%emt 0:00:01]} e6 {[%emt 0:00:02]} 3. Nf3 {[%emt 0:00:02]} d5 {[%emt 0:00:01]} 4. e3 {[%emt 0:00:04]} c5 {[%emt 0:00:01]} 5. Nc3 {[%emt 0:00:04]} Nc6 {[%emt 0:00:01]} 6. Be2 {[%emt 0:00:06]} cxd4 {[%emt 0:00:09]} 7. exd4 {[%emt 0:00:03]} dxc4 {[%emt 0:00:06]} 8. Bxc4 {[%emt 0:00:02]} Bb4 {[%emt 0:00:02]} 9. O-O {[%emt 0:00:04]} O-O {[%emt 0:00:02]} 10. Bg5 {[%emt 0:00:02]} Bxc3 {[%emt 0:00:05]} 11. bxc3 {[%emt 0:00:02]} b6 {[%emt 0:00:01]} 12. Qe2 {[%emt 0:00:13]} Bb7 {[%emt 0:00:01]} 13. Rfd1 {[%emt 0:00:26]} Ne7 {[%emt 0:00:04]} 14. Ne5 {[%emt 0:00:06]} Rc8 {[%emt 0:00:21]} 15. Rac1 {[%emt 0:00:05]} Qd6 {[%emt 0:00:22]} 16. Bd3 {[%emt 0:00:08]} Ng6 {[%emt 0:00:08]} 17. Bxf6 {[%emt 0:00:06]} gxf6 {[%emt 0:00:02]} 18. Ng4 {[%emt 0:00:02]} Kg7 {[%emt 0:00:17]} 19. Qe3 {[%emt 0:00:04]} Qf4 {[%emt 0:00:02]} 20. Bxg6 {[%emt 0:00:07]} Qxe3 {[%emt 0:00:03]} 21. Nxe3 {[%emt 0:00:03]} hxg6 {[%emt 0:00:02]} 22. c4 {[%emt 0:00:09]} f5 {[%emt 0:00:02]} 23. f4 {[%emt 0:00:02]} Rh8 {[%emt 0:00:06]} 24. g3 {[%emt 0:00:04]} Rh3 {[%emt 0:00:10]} 25. d5 {[%emt 0:00:06]} Kf6 {[%emt 0:00:03]} 26. dxe6 {[%emt 0:00:31]} fxe6 {[%emt 0:00:02]} 27. Rd7 {[%emt 0:00:01]} Be4 {[%emt 0:00:06]} 28. Rxa7 {[%emt 0:00:07]} g5 {[%emt 0:00:17]} 29. fxg5+ {[%emt 0:00:04]} Kxg5 {[%emt 0:00:01]} 30. Ng2 {[%emt 0:00:28]} Rch8 {[%emt 0:00:26]} 31. Nh4 {[%emt 0:00:02]} f4 {[%emt 0:00:13]} 32. Rc3 {[%emt 0:00:12]} R8xh4 {[%emt 0:00:22]} 33. gxh4+ {[%emt 0:00:03]} Rxh4 {[%emt 0:00:01]} 34. Rg7+ {[%emt 0:00:08]} Kf6 {[%emt 0:00:01]} 35. Rg8 {[%emt 0:00:02]} Ke5 {[%emt 0:00:10]} 36. c5 {[%emt 0:00:12]} bxc5 {[%emt 0:00:01]} 37. Rxc5+ {[%emt 0:00:01]} Kd4 {[%emt 0:00:01]} 38. Rc1 {[%emt 0:00:04]} Rh7 {[%emt 0:00:12]} 39. a4 {[%emt 0:00:03]} Bd5 {[%emt 0:00:10]} 40. a5 {[%emt 0:00:02]} f3 {[%emt 0:00:02]} 41. a6 {[%emt 0:00:02]} Ke3 {[%emt 0:00:02]} 42. Re1+ {[%emt 0:00:06]} Kd2 {[%emt 0:00:01]} 43. Ra1 {[%emt 0:00:02]} Ke3 {[%emt 0:00:00]} 44. Re1+ {[%emt 0:00:04]} Kd2 {[%emt 0:00:01]} 45. Rf1 {[%emt 0:00:01]} Ra7 {[%emt 0:00:02]} 46. Rf2+ {[%emt 0:00:01]} Ke3 {[%emt 0:00:01]} 47. Rc8 {[%emt 0:00:03]} Rxa6 {[%emt 0:00:01]} 48. Rc3+ {[%emt 0:00:01]} Kf4 {[%emt 0:00:01]} 49. Rf1 {[%emt 0:00:02]} e5 {[%emt 0:00:02]} 50. Rd1 {[%emt 0:00:01]} Ba8 {[%emt 0:00:02]} 51. Rc8 {[%emt 0:00:01]} Rg6+ {[%emt 0:00:06]} 52. Kf1 {[%emt 0:00:02]} Bc6 {[%emt 0:00:04]} 53. Rf8+ {[%emt 0:00:01]} Ke3 {[%emt 0:00:01]} 54. Re1+ {[%emt 0:00:01]} Kd4 {[%emt 0:00:01]} 55. Rd8+ {[%emt 0:00:01]} Kc4 {[%emt 0:00:05]} 56. Rc1+ {[%emt 0:00:02]} Kb3 {[%emt 0:00:02]} 57. Rb8+ {[%emt 0:00:01]} Ka2 {[%emt 0:00:01]} 58. Rb6 {[%emt 0:00:04]} e4 {[%emt 0:00:03]} 59. Rcxc6 {[%emt 0:00:02]} 1-0

[Event "CHN-ch Blitz Open 2018"]
[Site "Tianjin"]
[Date "2018.06.08"]
[Round "9.10"]
[White "Li, Yankai"]
[Black "Liu, Yan"]
[Result "1/2-1/2"]
[WhiteElo "2337"]
[BlackElo "2466"]
[Annotator "TA"]
[PlyCount "142"]
[EventDate "2018.06.07"]
[EventType "blitz"]
[EventRounds "9"]
[EventCountry "CHN"]
[SourceTitle "playchess.com"]
[Source "ChessBase"]
[SourceQuality "1"]

{[%evp 10,142,18,18,49,37,39,33,56,50,42,28,40,-75,-75,-73,-19,-27,0,0,8,9,14,26,21,-97,-77,-87,-42,-71,-23,-122,-126,-176,-178,-458,-256,-258,-254,-304,-177,-380,-396,-385,-382,-451,-406,-389,-191,-189,-188,-181,-181,-235,-213,-241,-183,-272,-267,-287,-281,-297,-297,-281,-272,-308,-202,-188,-154,-147,-143,-129,-148,-1256,-758,-722,-459,-323,-368,-587,-231,-250,-244,-324,-314,-246,-197,-174,-115,-122,-122,-237,-151,-151,-116,-124,-116,-116,-116,-150,-150,-150,-150,-150,-150,-150,-150,-150,-109,-150,-109,-150,-150,-150,-150,-150,-150,-150,-108,-150,-109,-150,-150,-150,-147,-154,-86,-86,-86,-86,-86,-86,-86,-86,-86]} 1. d4 Nf6 2. c4 e6 3. g3 Bb4+ 4. Nd2 c5 5. a3 Bxd2+ 6. Qxd2 Qe7 {E00: Catalan Bogo-Indian (3 g3 Bb4+)} (6... cxd4 7. Nf3 d5 8. Bg2 dxc4 9. Qxd4 Qxd4 10. Nxd4 O-O 11. Be3 Nd5 12. Rc1 Nxe3 13. fxe3 Nd7 14. Rxc4 Nf6 15. O-O {½-½ (46) Wojtaszek,R (2744)-Karjakin,S (2778) Shamkir 2018}) 7. dxc5 $146 ({Predecessor:} 7. Bg2 Nc6 8. Nf3 d6 9. O-O O-O 10. e3 a5 11. b3 Qc7 12. Bb2 e5 13. Rfd1 Bg4 14. h3 Bxf3 15. Bxf3 {1-0 (33) Strating,S (2299)-Deleyn,G (2272) Netherlands 2003}) 7... Qxc5 8. b3 Nc6 {White is slightly better.} 9. Bg2 b5 10. cxb5 (10. b4 {is interesting.} Qxc4 11. Bb2 O-O 12. Bxf6 gxf6 13. Rc1) 10... Qxb5 11. Qd3 (11. Bb2 $14 {stays ahead.}) 11... Qxd3 $1 $17 12. exd3 Rb8 (12... Ba6 $17) 13. b4 $11 Ne5 14. Kd2 Ba6 15. Bb2 $1 {[%cal Rb2e5]} Nxd3 16. Bd4 $1 d5 {And now ...Ne4+ would win.} 17. Bxa7 (17. f3 $1 $11) 17... Ra8 $36 {[%mdl 2048] Keeping White busy.} 18. Bb6 Bc4 19. Ne2 Kd7 {White must now prevent ...Ra6.} (19... Ra6 $5 {[%cal Ra6b6]} 20. Be3 O-O $15) 20. f3 {[#]} (20. f4 $11 {keeps the balance.}) 20... Ra6 $1 $17 {[%cal Ra6b6]} 21. Be3 Rha8 22. Nf4 $2 (22. Nd4) 22... Nxb4 (22... Rxa3 $142 23. Rxa3 Rxa3 24. Nxd3 Rxd3+ 25. Ke2 d4) 23. Bc5 $19 Nc6 24. Rhc1 Ra5 (24... Ke8 $142 25. Rc3 Nd7) 25. Be3 $2 (25. Nd3 {only move.}) 25... Rxa3 26. Rxa3 Rxa3 27. Rc2 Nb4 28. Rb2 Ra2 (28... Nd3 $142 29. Rb7+ Kd6 30. Rb6+ Kc7) 29. Rxa2 Bxa2 30. Bc5 Nc6 31. g4 (31. Nd3 $142) 31... e5 32. Ne2 Ke6 33. h4 (33. g5 $142 Nh5 34. Bh3+ f5 35. gxf6+ Kxf6 36. Bb6) 33... Nd7 34. Bf2 d4 35. Ng3 Bd5 36. Ke2 Nc5 37. Bh3 Kd6 38. Nf5+ Kd7 {aiming for ...g6.} 39. Nxg7 Na5 40. g5+ Kc6 41. Ne8 $2 {[%mdl 8192]} (41. Bf5 $17) 41... d3+ 42. Ke1 Nab3 {Threatens to win with ...d2+.} 43. Be3 {If White can now play Bg4 this consolidates a bit.} Bxf3 {...d2+! is the strong threat.} 44. Nf6 {[#]} (44. Bf1 $142) 44... Ne4 $2 (44... d2+ $1 45. Bxd2 Nd3+ 46. Kf1 Nxd2+ 47. Kg1 Kc5 48. Nxh7 Kd4) 45. Nxe4 Bxe4 {[%mdl 4096] Endgame KBB-KBN} 46. h5 Kd5 47. Bd7 Nd4 48. Be8 Nf3+ (48... Kc4 $19 49. Bxf7+ Kc3 50. Bd2+ Kc2) 49. Kf2 Ke6 50. Ba4 (50. Bb5 $17) 50... Bd5 {Hoping for ...e4.} 51. Bd1 Nh4 52. Bg4+ Nf5 53. Bd2 e4 54. Be3 Ke5 55. Bxf5 Kxf5 $17 {KB-KB} 56. Kg3 Bb3 57. h6 Bd1 58. Bd2 Ke5 59. Be3 Kd5 60. Kf2 Bh5 61. Ke1 Ke6 62. Kf2 Ke5 63. Kg3 Kd5 64. Kf2 Kc4 65. Ke1 Kc3 66. Bd2+ Kc2 67. Be3 d2+ (67... Bg4 $142 68. Bf4 Be6) 68. Bxd2 {Black is better.} Kd3 69. Bb4 e3 70. Be7 Ke4 71. Bd8 Kf3 {Precision: White = 37%, Black = 49%.} 1/2-1/2

[Event "CHN-ch Blitz Open 2018"]
[Site "Tianjin"]
[Date "2018.06.08"]
[Round "9.11"]
[White "Zhao, Yuanhe"]
[Black "Xu, Yi"]
[Result "0-1"]
[WhiteElo "2407"]
[BlackElo "2455"]
[Annotator "TA"]
[PlyCount "96"]
[EventDate "2018.06.07"]
[EventType "blitz"]
[EventRounds "9"]
[EventCountry "CHN"]
[SourceTitle "playchess.com"]
[Source "ChessBase"]
[SourceQuality "1"]

{[%evp 10,96,27,-15,-14,-10,-24,-24,-27,-22,-13,-39,-22,-39,0,0,0,0,0,0,3,-14,0,-22,-21,-47,-14,-10,-19,-22,0,0,13,11,0,-11,1,0,47,-20,-32,-27,-40,-57,-12,-12,26,32,70,62,60,56,73,0,0,-9,0,-52,-50,-57,-34,-13,0,0,0,0,0,0,0,0,0,-207,-85,-85,-93,-2748,-2493,-29988,-29989,-29989,-29989,-29989,-29990,-29996,-29997,-29997,-29998,-29998,-29999]} 1. Nf3 Nf6 2. g3 d5 3. c4 e6 4. Bg2 Be7 5. O-O O-O 6. Qc2 d4 {A14: English Opening: 1...e6 with b3 by White} 7. d3 c5 (7... Nc6 8. a3 a5 9. e3 e5 10. exd4 exd4 11. Re1 Re8 12. Bg5 h6 13. Bxf6 Bxf6 14. Rxe8+ Qxe8 {½-½ (26) Svidler,P (2760)-Kramnik,V (2800) Moscow 2018}) 8. e3 Nc6 {Black has an edge.} 9. exd4 cxd4 10. a3 a5 $1 11. Bg5 e5 (11... h6 $5 {[%cal Rh6g5]} 12. Bxf6 Bxf6 $15) 12. Re1 $146 ({Predecessor:} 12. Nbd2 h6 13. Bxf6 Bxf6 14. c5 {0-1 (86) Zhao,Y (2383)-Xu,Y (2456) Chengdu 2017}) 12... h6 13. Bxf6 $1 Bxf6 14. Nbd2 Bf5 15. Rab1 a4 16. b4 axb3 $1 17. Rxb3 Qd7 18. Ne4 Be7 19. Rb5 f6 ({Reject} 19... Bxa3 20. Nxe5 Qc8 21. Qb1 $14) 20. a4 Be6 21. Reb1 Ra7 22. Qb2 Rb8 23. Nfd2 Rxa4 24. Nc5 (24. Nb3 $1 $14 b6 {[#]} 25. Nec5 $1 {[%mdl 512]} bxc5 26. Bxc6 Qxc6 27. Rxb8+ Bf8 28. Qe2) 24... Bxc5 $1 $11 25. Rxc5 Rb4 26. Qc1 Rxb1 27. Qxb1 {Black must now prevent Rxc6!} Ne7 28. Rb5 Bf5 29. Ne4 Qc7 30. Nc5 $1 Nc6 31. Be4 (31. Rb6 $16 {Threatens to win with Bxc6.} e4 32. Nxe4) 31... Bxe4 32. Nxe4 b6 33. Rb2 ({White should play} 33. Qd1 $11) 33... Kh7 $15 34. h4 f5 {[%cal Bf6f5,Bf5e4,Be4e3][%mdl 32]} 35. Nd2 Na5 36. Rb5 Nc6 37. Nf3 Re8 $36 {[%mdl 2048] Black has some pressure.} 38. Rxb6 e4 39. dxe4 fxe4 {And now ...d3 would win.} 40. Rb7 $2 (40. Qb5 $1 $11 exf3 41. Qxc6 Qxc6 42. Rxc6) 40... Qd6 (40... Qc8 $19 {has better winning chances. ...Kh8 is the strong threat.} 41. Nd2 Qg4) 41. Nd2 $17 d3 42. Qb6 $2 {[%mdl 8192] [#]} (42. Qe1 $17) 42... e3 $1 $19 {[%mdl 512]} 43. fxe3 Qxg3+ {Black mates.} 44. Kh1 Qh3+ 45. Kg1 Rxe3 46. Qxc6 Re1+ 47. Kf2 Qe3+ 48. Kg2 Rg1+ {Precision: White = 48%, Black = 54%.} 0-1